[Event "ICS rated bullet match"]
[Site "204.178.125.65"]
[Date "2001.07.14"]
[Round "?"]
[White "Hossa"]
[Black "monsoon"]
[Result "1-0"]
[WhiteElo "2564"]
[BlackElo "2308"]
[PlyCount "157"]
[EventDate "2001.??.??"]

1. e4 c5 2. Nf3 d6 3. Nc3 Nf6 4. d4 cxd4 5. Nxd4 a6 6. Bd3 e5 7. Nf3 Be7 8. O-O
O-O 9. Bg5 Nc6 10. Bxf6 Bxf6 11. Nd5 Bg4 12. Be2 Rc8 13. Qd2 Bxf3 14. Bxf3 Nd4
15. Bd1 Bg5 16. f4 Bxf4 17. Rxf4 Nxc2 18. Bxc2 exf4 19. Rf1 g5 20. Qd3 f6 21.
Bd1 Rc5 22. b4 Rc6 23. Bg4 Kh8 24. Bf5 Rf7 25. Qe2 Qf8 26. Kh1 Qg7 27. a4 Qf8
28. Qd3 Qe8 29. a5 Qe5 30. Bg4 Rg7 31. Rb1 Rf7 32. Kg1 Rg7 33. Bf5 g4 34. Kh1
g3 35. hxg3 fxg3 36. Kg1 Rf7 37. Rd1 Rg7 38. Rf1 Qb2 39. Qd1 Rc2 40. Qf3 Rc1
41. Qf4 Rxf1+ 42. Kxf1 Qb1+ 43. Ke2 Qa2+ 44. Qd2 Qa1 45. Nf4 Qe5 46. Kf3 Rg8
47. Nd5 Rg5 48. Bc8 Rg7 49. Bg4 Rg5 50. Qf4 Kg7 51. Qxe5 dxe5 52. Bc8 Kg6 53.
Bxb7 f5 54. exf5+ Rxf5+ 55. Kxg3 Rf8 56. Bxa6 Kf5 57. b5 Ra8 58. b6 Rxa6 59.
Ne7+ Ke6 60. b7 Kxe7 61. b8=Q Rg6+ 62. Kf3 Ke6 63. Qe8+ Kd6 64. Qf7 Re6 65.
Qxe6+ Kxe6 66. a6 Kf5 67. a7 h6 68. g4+ Kg6 69. Ke4 Kf6 70. g5+ Ke6 71. gxh6
Kd6 72. h7 Kc5 73. h8=Q Kb4 74. Qb8+ Kc3 75. Qxe5+ Kc4 76. a8=Q Kb3 77. Qc8 Ka4
78. Qcb8 Ka3 79. Qa5# {monsoon checkmated} 1-0

[Event "ICS rated blitz match"]
[Site "204.178.125.65"]
[Date "2001.07.14"]
[Round "?"]
[White "Hossa"]
[Black "monsoon"]
[Result "1/2-1/2"]
[WhiteElo "2652"]
[BlackElo "2680"]
[PlyCount "246"]
[EventDate "2001.??.??"]

1. c4 e5 2. Nc3 Nc6 3. Nf3 Nf6 4. g3 d5 5. cxd5 Nxd5 6. Bg2 Nb6 7. O-O Be7 8.
d3 O-O 9. Bd2 Be6 10. Nb5 Qd7 11. Ng5 Bxg5 12. Bxg5 a6 13. Nc3 Bh3 14. Ne4 Bxg2
15. Kxg2 Rac8 16. Qd2 Qg4 17. f3 Qf5 18. Nc5 f6 19. Be3 Rb8 20. Bf2 Rfd8 21. e4
Qc8 22. Qc2 Rd6 23. Qb3+ Kh8 24. Qf7 Nd7 25. Rfd1 Qg8 26. Qh5 Nxc5 27. Bxc5 Rd7
28. f4 exf4 29. gxf4 Rbd8 30. Qh3 g5 31. Kh1 gxf4 32. Rg1 Qf7 33. Qh6 Rxd3 34.
Qxf4 Rd2 35. b3 Re2 36. Raf1 Rdd2 37. Rf2 Rxf2 38. Bxf2 Rd6 39. Bc5 Rd3 40. Bf2
Ne5 41. Bg3 Qe6 42. Bh4 Rd6 43. Rf1 Nd7 44. Rc1 c6 45. Re1 Rd4 46. Bg3 Qe7 47.
Bf2 Qd6 48. Qg4 Rd2 49. Rg1 Qf8 50. Be3 Ne5 51. Qf5 Rd8 52. Bg5 fxg5 53. Qxe5+
Qg7 54. Qxg5 Qxg5 55. Rxg5 Rd1+ 56. Rg1 Rd2 57. Rg2 Rd3 58. Rg3 Rd4 59. Rg4 a5
60. Rg5 a4 61. e5 axb3 62. axb3 Rd5 63. Kg2 Rb5 64. Kf3 Rxb3+ 65. Kf4 Rb2 66.
e6 Re2 67. Kf5 h6 68. Rg1 Kh7 69. Kf6 Rf2+ 70. Ke5 Rxh2 71. e7 Re2+ 72. Kf6
Rf2+ 73. Ke6 Re2+ 74. Kf7 Rf2+ 75. Ke8 Rd2 76. Rg4 h5 77. Rg1 Kh6 78. Rg8 Kh7
79. Rg5 Kh6 80. Rg1 b5 81. Kf7 Rf2+ 82. Ke6 Re2+ 83. Kd6 Rd2+ 84. Kxc6 Re2 85.
Kd7 h4 86. Rg2 Rxe7+ 87. Kxe7 Kh5 88. Ke6 h3 89. Rg7 Kh4 90. Kf5 h2 91. Kf4 Kh3
92. Rg3+ Kh4 93. Rg8 Kh3 94. Rh8+ Kg2 95. Rxh2+ Kxh2 96. Kf5 Kg3 97. Ke5 Kh4
98. Kf4 Kh5 99. Kf5 Kh6 100. Ke5 Kg7 101. Kf4 Kf8 102. Kf5 Ke7 103. Ke5 Kd8
104. Kd5 Kc7 105. Kc5 Kb8 106. Kd4 Ka7 107. Kc3 Kb8 108. Kd3 Ka7 109. Kd4 Kb8
110. Ke4 Ka7 111. Kd3 Kb8 112. Ke3 Ka7 113. Kd2 Kb8 114. Ke2 Ka7 115. Kd1 Kb8
116. Ke1 Ka7 117. Kd2 Kb8 118. Kc3 Ka7 119. Kb4 Kb8 120. Kc5 Ka7 121. Kd4 Kb8
122. Ke5 Ka7 123. Kd4 Kb8 {Game drawn by repetition} 1/2-1/2

[Event "ICS rated blitz match"]
[Site "204.178.125.65"]
[Date "2001.07.14"]
[Round "?"]
[White "monsoon"]
[Black "Hossa"]
[Result "0-1"]
[WhiteElo "2679"]
[BlackElo "2653"]
[PlyCount "170"]
[EventDate "2001.??.??"]

1. e4 e5 2. Nf3 Nf6 3. d4 exd4 4. e5 Ne4 5. Qxd4 d5 6. exd6 Nxd6 7. Nc3 Nc6 8.
Qf4 g6 9. Bd3 Bg7 10. Bd2 O-O 11. O-O Re8 12. Rae1 Rxe1 13. Rxe1 Bd7 14. a3 Qf6
15. Nd5 Qxf4 16. Bxf4 Ne8 17. c3 Rc8 18. Bb5 Bf8 19. Bc4 Kg7 20. Ng5 Bd6 21.
Rd1 h6 22. Nxf7 Kxf7 23. Nxc7+ Ke7 24. Nd5+ Kd8 25. Bxh6 Ne7 26. Nxe7 Bxe7 27.
Bd5 Kc7 28. Bf4+ Bd6 29. Be3 b6 30. Bd4 Rd8 31. Bf7 Bf5 32. Re1 Kd7 33. Bb3 Nc7
34. Bf6 Rf8 35. Bg7 Re8 36. Ba4+ b5 37. Rxe8 Kxe8 38. Bb3 Ne6 39. Bf6 Be7 40.
Bxe6 Bxe6 41. Bd4 a5 42. f4 Bd6 43. g3 Kd7 44. Kf2 Kc6 45. Ke3 Kd5 46. Kd3 Bf5+
47. Kd2 Kc4 48. Bb6 Kb3 49. Kc1 a4 50. Bd4 Be4 51. Ba7 Be7 52. Bf2 Bf3 53. Bd4
Bd6 54. Ba7 Bd5 55. Bd4 Bg2 56. Bb6 Bf3 57. Ba7 Kc4 58. Kd2 Bd5 59. Bd4 Be6 60.
Kc2 Bf5+ 61. Kd2 Bc5 62. Bxc5 Kxc5 63. Ke3 Kc4 64. Kd2 Kb3 65. Kc1 Ka2 66. g4
Bxg4 67. c4 bxc4 68. Kc2 Bf5+ 69. Kc3 Bd3 70. h3 Kb1 71. h4 Kc1 72. h5 gxh5 73.
Kd4 Kxb2 74. Ke5 c3 75. Kd4 Bf1 76. f5 c2 77. f6 c1=Q 78. Ke4 Bg2+ 79. Ke5 Qc3+
80. Kd6 Qxf6+ 81. Kc7 Qe7+ 82. Kb6 Qd6+ 83. Kb5 Bf1+ 84. Ka5 Qc5+ 85. Kxa4
Qxa3# {monsoon checkmated} 0-1

[Event "ICS rated blitz match"]
[Site "204.178.125.65"]
[Date "2001.07.14"]
[Round "?"]
[White "Hossa"]
[Black "Yace"]
[Result "0-1"]
[WhiteElo "2670"]
[BlackElo "2893"]
[PlyCount "77"]
[EventDate "2001.??.??"]

1. e4 c5 2. Nf3 Nc6 3. d4 cxd4 4. Nxd4 Nf6 5. Nc3 e5 6. Ndb5 d6 7. Bg5 a6 8.
Na3 b5 9. Bxf6 gxf6 10. Nd5 Bg7 11. g3 f5 12. exf5 e4 13. f6 Bxf6 14. c3 Ne5
15. Be2 O-O 16. O-O Bh3 17. Re1 Bg5 18. Qc2 f5 19. Rad1 Kh8 20. Nb1 Qb8 21. b3
Qa7 22. Rd4 Rac8 23. Na3 Bg4 24. Rdd1 Nf3+ 25. Bxf3 Bxf3 26. Rd4 Qg7 27. Ra1 f4
28. Rb1 Bh4 29. Rd2 e3 30. fxe3 fxe3 31. Nxe3 Rxc3 32. Qb2 Bf6 33. Nac2 Rxe3
34. Qa3 Rc3 35. Rf1 Rxc2 36. Rxc2 Bd4+ 37. Rff2 Be4 38. Qc1 Qf6 39. Qb2 {
Hossa resigns} 0-1

[Event "ICS rated standard match"]
[Site "204.178.125.65"]
[Date "2001.07.14"]
[Round "?"]
[White "Leszek"]
[Black "Hossa"]
[Result "0-1"]
[WhiteElo "2020"]
[BlackElo "2206"]
[PlyCount "72"]
[EventDate "2001.??.??"]

1. e4 e5 2. Nf3 Nc6 3. Bb5 a6 4. Ba4 Nf6 5. O-O Nxe4 6. d4 b5 7. Bb3 d5 8. dxe5
Be6 9. Be3 Bc5 10. Qe2 Qe7 11. a4 Bxe3 12. Qxe3 O-O 13. Nbd2 Nc5 14. axb5 axb5
15. Nd4 Nxd4 16. Qxd4 c6 17. c3 Bf5 18. h3 Rae8 19. f4 f6 20. Rfe1 Nd3 21. Re3
fxe5 22. fxe5 Nxb2 23. Rae1 Be6 24. Nf3 Qa3 25. c4 c5 26. Qh4 bxc4 27. Bc2 Nd3
28. Ng5 Bf5 29. Rf3 h6 30. e6 hxg5 31. Qxg5 Qb2 32. Rxf5 Qd4+ 33. Kh2 Nxe1 34.
Rxf8+ Kxf8 35. Bf5 Qe5+ 36. Kh1 Rxe6 {Leszek resigns} 0-1

[Event "ICS rated blitz match"]
[Site "204.178.125.65"]
[Date "2001.07.14"]
[Round "?"]
[White "PostModernist"]
[Black "Hossa"]
[Result "1/2-1/2"]
[WhiteElo "2703"]
[BlackElo "2663"]
[PlyCount "155"]
[EventDate "2001.??.??"]

1. c4 e5 2. Nc3 Nc6 3. Nf3 Nf6 4. g3 d5 5. cxd5 Nxd5 6. Bg2 Nb6 7. O-O Be7 8.
d3 O-O 9. a3 Bg4 10. Be3 Qd7 11. Rc1 Bh3 12. d4 exd4 13. Bxd4 Nxd4 14. Qxd4
Qxd4 15. Nxd4 Bxg2 16. Kxg2 Rfd8 17. Nf5 Bf8 18. Rfd1 c6 19. Ne4 g6 20. Ne3 Bg7
21. b3 Bb2 22. Rxd8+ Rxd8 23. Rb1 f5 24. Nc5 Bxa3 25. Nxb7 Rd7 26. Na5 Rc7 27.
Nc2 Bf8 28. Rd1 c5 29. Na3 g5 30. N3c4 Re7 31. e3 Re6 32. Nb7 Nxc4 33. bxc4 Rb6
34. Rd7 Rb4 35. Nd8 Rxc4 36. Ne6 Re4 37. Nxg5 Re7 38. Rd5 c4 39. Rd8 h6 40. Nf3
Rc7 41. Nd4 c3 42. Ne6 c2 43. Rxf8+ Kh7 44. Nxc7 c1=Q 45. Nd5 Qc4 46. Rd8 Qc6
47. h3 h5 48. Kf3 a5 49. Kf4 Qe6 50. f3 a4 51. g4 a3 52. gxf5 Qc6 53. Kg5 a2
54. Nf6+ Kg7 55. Rd7+ Qxd7 56. Nxd7 a1=Q 57. f6+ Kg8 58. Kf5 Qb1+ 59. e4 Qf1
60. Ke6 Qxf3 61. e5 h4 62. Ke7 Qa3+ 63. Ke8 Qb3 64. Ke7 Qb4+ 65. Ke6 Qc4+ 66.
Ke7 Qf7+ 67. Kd6 Qa2 68. e6 Qa3+ 69. Ke5 Kh7 70. f7 Qg3+ 71. Kd5 Qd3+ 72. Ke5
Qe2+ 73. Kd6 Qd3+ 74. Kc6 Qc4+ 75. Kd6 Qd3+ 76. Kc6 Qc4+ 77. Kd6 Qd3+ 78. Kc6 {
Game drawn by repetition} 1/2-1/2

[Event "ICS rated blitz match"]
[Site "204.178.125.65"]
[Date "2001.07.14"]
[Round "?"]
[White "Interceptor"]
[Black "Hossa"]
[Result "1-0"]
[WhiteElo "2899"]
[BlackElo "2675"]
[PlyCount "72"]
[EventDate "2001.??.??"]

1. e4 e5 2. Nf3 Nf6 3. Nxe5 d6 4. Nf3 Nxe4 5. d4 d5 6. Bd3 Bf5 7. O-O Nc6 8.
Re1 Be7 9. c4 Nb4 10. Bf1 Nf6 11. Qa4+ Kf8 12. Na3 Nd3 13. Bxd3 Bxd3 14. Bg5
Be4 15. Ne5 Kg8 16. Nb5 h6 17. Bxf6 gxf6 18. Ng4 h5 19. Ne3 dxc4 20. Nc3 f5 21.
Qxc4 Rh6 22. f3 Rc6 23. Qe2 f4 24. fxe4 fxe3 25. Qxe3 Bg5 26. Qd3 Rd6 27. Rad1
h4 28. e5 Rb6 29. Qf5 Rxb2 30. Ne4 Be7 31. Nf6+ Kf8 32. Qg5 Bb4 33. e6 Ke7 34.
Nd5+ Kf8 35. Qh6+ Ke8 36. exf7+ Kxf7 {Hossa resigns} 1-0

[Event "ICS rated blitz match"]
[Site "204.178.125.65"]
[Date "2001.07.14"]
[Round "?"]
[White "monsoon"]
[Black "Hossa"]
[Result "1/2-1/2"]
[WhiteElo "2666"]
[BlackElo "2668"]
[PlyCount "100"]
[EventDate "2001.??.??"]

1. d4 d5 2. c4 dxc4 3. Nf3 Nf6 4. e3 Bg4 5. Bxc4 e6 6. h3 Bf5 7. Qb3 b6 8. Nbd2
Bd6 9. d5 e5 10. Bb5+ Bd7 11. Bc4 O-O 12. e4 c6 13. Bd3 cxd5 14. exd5 e4 15.
Nxe4 Qe8 16. Qc4 Nxe4 17. Qxe4 Qxe4+ 18. Bxe4 Re8 19. Nd2 f5 20. O-O fxe4 21.
Nc4 Bc5 22. a4 b5 23. Be3 bxc4 24. Bxc5 Na6 25. Bd4 Nb4 26. Rfc1 Rec8 27. Rd1
Kf7 28. a5 Rd8 29. Rd2 Nd3 30. Kh2 Bb5 31. Re2 Rxd5 32. Rxe4 Bc6 33. Rg4 g6 34.
Bc3 Rc5 35. Rd4 Rb8 36. Rb1 Rb3 37. Rd6 Ke7 38. Rd4 h5 39. f3 Bd5 40. h4 Ke6
41. Kh3 Rc8 42. Kh2 Kd6 43. Rd1 Re8 44. Rd2 Re3 45. Kh3 a6 46. Kh2 Kc5 47. Kg3
Kc6 48. Kh2 Kd6 49. Kg3 Kc6 50. Kh2 Kd6 {Game drawn by mutual agreement}
1/2-1/2

[Event "ICS rated blitz match"]
[Site "204.178.125.65"]
[Date "2001.07.14"]
[Round "?"]
[White "Hossa"]
[Black "PostModernist"]
[Result "0-1"]
[WhiteElo "2668"]
[BlackElo "2704"]
[PlyCount "102"]
[EventDate "2001.??.??"]

1. e4 c6 2. Nf3 d5 3. Nc3 Bg4 4. exd5 cxd5 5. h3 Bxf3 6. Qxf3 Nf6 7. d4 e6 8.
Bg5 Be7 9. O-O-O O-O 10. h4 Nfd7 11. Bd3 Bxg5+ 12. hxg5 Qxg5+ 13. Kb1 h6 14. g4
Nf6 15. Be2 Nc6 16. Qg3 Qg6 17. Rh4 Ne4 18. Nxe4 dxe4 19. Rh2 Rfd8 20. Qe3 Rac8
21. c3 Ne7 22. Rh5 Nd5 23. Qg3 Nf6 24. Rhh1 a5 25. Ka1 Qg5 26. f4 exf3 27. Qxf3
b5 28. Rhf1 b4 29. c4 a4 30. c5 b3 31. a3 Rc7 32. Qg3 Nd5 33. Bc4 Ra7 34. Bxd5
Qxd5 35. Qe3 Rad7 36. Qe2 Qg5 37. Qf3 Qg6 38. c6 Rc7 39. Rg1 Rd5 40. Qf4 Rxc6
41. Qb8+ Kh7 42. Rgf1 Rc2 43. Rb1 Qxg4 44. Qa7 Rxd4 45. Qxf7 Rxb2 46. Rxb2 Rd1+
47. Rxd1 Qxd1+ 48. Rb1 Qe2 49. Qxg7+ Kxg7 50. Rb2 Qe5 51. Kb1 Qe1# {
Hossa checkmated} 0-1

[Event "ICS rated standard match"]
[Site "204.178.125.65"]
[Date "2001.07.14"]
[Round "?"]
[White "monsoon"]
[Black "Hossa"]
[Result "1-0"]
[WhiteElo "2467"]
[BlackElo "2208"]
[PlyCount "152"]
[EventDate "2001.??.??"]

1. d4 d5 2. c4 c6 3. Nf3 Nf6 4. e3 e6 5. Bd3 Nbd7 6. O-O Bd6 7. Nc3 O-O 8. e4
dxc4 9. Bxc4 e5 10. Bg5 Re8 11. Qb3 Qe7 12. Bxf6 Qxf6 13. Ng5 Rf8 14. Nxf7 Rxf7
15. f4 exd4 16. e5 Nc5 17. exf6 Nxb3 18. Ne4 Nxa1 19. Nxd6 Nc2 20. Bxf7+ Kf8
21. fxg7+ Kxg7 22. Rd1 Bg4 23. Rd2 Rd8 24. Nxb7 Rd7 25. Nc5 Rxf7 26. Rxc2 Rxf4
27. Nb3 d3 28. Rxc6 Rf7 29. Rc4 h5 30. Nd2 Re7 31. Re4 Rb7 32. b3 Rf7 33. h3
Bf5 34. Rf4 Bg6 35. Rxf7+ Bxf7 36. Kf2 Bd5 37. Nf3 Kf6 38. Ke3 Kf5 39. g3 Kf6
40. Ne1 Be6 41. h4 d2 42. Kxd2 Kf5 43. Ke3 Bd5 44. Nd3 Be6 45. Nf4 Bf7 46. Kf3
Be8 47. Kf2 Ke4 48. Ne6 Ke5 49. Nd8 Kd4 50. Nb7 Bg6 51. Nd6 a6 52. Kf3 Bb1 53.
a3 Kc3 54. Ne4+ Kb2 55. a4 a5 56. Ke3 Bc2 57. Nf6 Bd1 58. b4 axb4 59. a5 b3 60.
a6 Kc1 61. a7 b2 62. a8=Q b1=Q 63. Qa3+ Kc2 64. Qd3+ Kb2 65. Qxb1+ Kxb1 66. g4
hxg4 67. Kf4 g3 68. Kxg3 Be2 69. Ng4 Kc1 70. Kf4 Bf1 71. Ke5 Be2 72. h5 Bd3 73.
Kf6 Bh7 74. Ne5 Kb1 75. Ng6 Bg8 76. Kg7 Bc4 {Hossa resigns} 1-0

[Event "ICS rated standard match"]
[Site "204.178.125.65"]
[Date "2001.07.15"]
[Round "?"]
[White "Hossa"]
[Black "monsoon"]
[Result "0-1"]
[WhiteElo "2202"]
[BlackElo "2473"]
[PlyCount "189"]
[EventDate "2001.??.??"]

1. e4 e5 2. Nf3 Nc6 3. Bb5 a6 4. Ba4 Nf6 5. O-O Be7 6. Qe2 b5 7. Bb3 O-O 8. c3
d6 9. d4 Bg4 10. Rd1 exd4 11. cxd4 d5 12. e5 Ne4 13. a4 b4 14. Bc2 f5 15. Qd3
Bh4 16. g3 Bg5 17. Nxg5 Bxd1 18. Ne6 Qe7 19. Nxf8 Bxc2 20. Qxc2 Nxd4 21. Qd1 c5
22. Nxh7 Kxh7 23. f4 Qf7 24. Be3 Ne6 25. Nd2 d4 26. Qf3 Qg6 27. Bf2 Nxd2 28.
Qxa8 Nxf4 29. Be1 Nc4 30. b3 Nxe5 31. Bd2 Nh3+ 32. Kf1 Qg4 33. Qg2 c4 34. bxc4
Nxc4 35. Ke1 b3 36. Bc1 Ne5 37. Qe2 Qe4 38. Qxe4 fxe4 39. Rb1 e3 40. Rxb3 Ng1
41. Bxe3 dxe3 42. Rxe3 Ngf3+ 43. Ke2 Nd4+ 44. Kf1 Ndc6 45. Re4 g5 46. h4 Kg6
47. Kg2 Kf5 48. Re1 gxh4 49. gxh4 Nd3 50. Re8 Kg4 51. Re4+ Nf4+ 52. Kf2 Kf5 53.
Re8 Ne5 54. Ra8 Nfd3+ 55. Ke3 Nc5 56. h5 Kg5 57. h6 Kxh6 58. Rxa6+ Nxa6 59. Kd4
Nd7 60. Kd5 Ndc5 61. Kc4 Kg5 62. a5 Kf4 63. Kb5 Ke5 64. Kc4 Ke4 65. Kc3 Kd5 66.
Kc2 Kc4 67. Kd2 Kd4 68. Ke2 Ke4 69. Kf2 Nd7 70. Kg3 Nf6 71. Kf2 Nd5 72. Kg3 Ne3
73. Kf2 Nf5 74. Ke2 Ng3+ 75. Kd2 Kd4 76. Kc2 Ne4 77. Kb3 Kd3 78. Ka4 Kc4 79.
Ka3 Kc3 80. Ka4 Nd6 81. Ka3 Nb5+ 82. Ka4 Nd4 83. Ka3 Kc2 84. Ka4 Kd3 85. Ka3
Kc3 86. Ka2 Ne6 87. Ka3 Nec5 88. Ka2 Nd3 89. Ka3 Nb2 90. Ka2 Nc4 91. Kb1 Kd2
92. Ka2 Kc2 93. Ka1 Nb4 94. a6 Na5 95. a7 {Hossa resigns} 0-1

[Event "ICS rated standard match"]
[Site "204.178.125.65"]
[Date "2001.07.15"]
[Round "?"]
[White "TheCid"]
[Black "Hossa"]
[Result "0-1"]
[WhiteElo "2075"]
[BlackElo "2196"]
[PlyCount "38"]
[EventDate "2001.??.??"]

1. e4 e5 2. Nf3 Nc6 3. Bc4 Nf6 4. Nc3 Nxe4 5. Nxe4 d5 6. Bd3 dxe4 7. Bxe4 Nb4
8. a3 f5 9. Nxe5 Qd4 10. Qh5+ g6 11. Nxg6 Qxe4+ 12. Kf1 Nxc2 13. Nxh8+ Kd7 14.
Qf7+ Be7 15. g4 Qxh1+ 16. Ke2 Nd4+ 17. Kd3 Qe4+ 18. Kc3 Qc2+ 19. Kxd4 c5+ {
TheCid resigns} 0-1

[Event "ICS rated blitz match"]
[Site "204.178.125.65"]
[Date "2001.07.15"]
[Round "?"]
[White "Hossa"]
[Black "sekere"]
[Result "1-0"]
[WhiteElo "2654"]
[BlackElo "2158"]
[PlyCount "29"]
[EventDate "2001.??.??"]

1. d4 d6 2. c4 c6 3. e4 Nd7 4. Nf3 g6 5. Bd3 Bg7 6. O-O e5 7. dxe5 dxe5 8. Bc2
Ngf6 9. Qd6 Qe7 10. Qxe7+ Kxe7 11. b3 h6 12. Rd1 Ke6 13. Ba3 a5 14. Rd6+ Ke7
15. Rxc6+ {sekere resigns} 1-0

[Event "ICS rated blitz match"]
[Site "204.178.125.65"]
[Date "2001.07.15"]
[Round "?"]
[White "sekere"]
[Black "Hossa"]
[Result "0-1"]
[WhiteElo "2156"]
[BlackElo "2656"]
[PlyCount "30"]
[EventDate "2001.??.??"]

1. e4 e5 2. Nf3 Nc6 3. Bc4 Nf6 4. Nc3 Nxe4 5. Bxf7+ Kxf7 6. Nxe4 d5 7. Neg5+
Ke8 8. d3 h6 9. Nh3 Bg4 10. Nhg1 e4 11. h3 exf3 12. hxg4 fxg2 13. Rh2 Qe7+ 14.
Qe2 Qxe2+ 15. Nxe2 Nd4 {sekere resigns} 0-1

[Event "ICS rated bullet match"]
[Site "204.178.125.65"]
[Date "2001.07.15"]
[Round "?"]
[White "Hossa"]
[Black "Master-Shady"]
[Result "1-0"]
[WhiteElo "2572"]
[BlackElo "1677"]
[PlyCount "25"]
[EventDate "2001.??.??"]

1. d4 c5 2. d5 Nf6 3. Nc3 d6 4. e4 g6 5. Nf3 Bg7 6. Be2 O-O 7. O-O Re8 8. Bf4
e6 9. dxe6 Rxe6 10. Ng5 Re8 11. Bc4 Be6 12. Nxe6 fxe6 13. Bxd6 {
Master-Shady resigns} 1-0

[Event "ICS rated bullet match"]
[Site "204.178.125.65"]
[Date "2001.07.15"]
[Round "?"]
[White "Hossa"]
[Black "Master-Shady"]
[Result "1-0"]
[WhiteElo "2572"]
[BlackElo "1677"]
[PlyCount "39"]
[EventDate "2001.??.??"]

1. d4 e6 2. c4 d5 3. Nc3 Nf6 4. e3 Bb4 5. cxd5 Bxc3+ 6. bxc3 exd5 7. Ba3 Nbd7
8. Nf3 b6 9. Bb5 Bb7 10. Ne5 c6 11. Nxd7 Qxd7 12. Be2 b5 13. f3 a6 14. Bd3 Rb8
15. O-O Bc8 16. e4 dxe4 17. fxe4 a5 18. Qd2 b4 19. Qg5 O-O 20. Rxf6 {
Master-Shady resigns} 1-0

[Event "ICS rated bullet match"]
[Site "204.178.125.65"]
[Date "2001.07.15"]
[Round "?"]
[White "Master-Shady"]
[Black "Hossa"]
[Result "0-1"]
[WhiteElo "1677"]
[BlackElo "2572"]
[PlyCount "24"]
[EventDate "2001.??.??"]

1. e4 e5 2. Nf3 Nf6 3. Nxe5 d6 4. Nf3 Nxe4 5. Qe2 Qe7 6. d3 Nf6 7. Qxe7+ Bxe7
8. Nc3 O-O 9. Bg5 Nc6 10. d4 Bg4 11. Bb5 Bxf3 12. gxf3 Nxd4 {
Master-Shady resigns} 0-1

[Event "ICS rated bullet match"]
[Site "204.178.125.65"]
[Date "2001.07.15"]
[Round "?"]
[White "Hossa"]
[Black "Master-Shady"]
[Result "1-0"]
[WhiteElo "2572"]
[BlackElo "1677"]
[PlyCount "31"]
[EventDate "2001.??.??"]

1. e4 c6 2. d4 d5 3. Nd2 dxe4 4. Nxe4 Nf6 5. Nxf6+ exf6 6. Nf3 Bd6 7. Be2 O-O
8. O-O Bg4 9. Re1 Nd7 10. h3 Bh5 11. Be3 Re8 12. c4 b6 13. Qc2 c5 14. d5 Ne5
15. Nxe5 Bxe2 16. Nc6 {Master-Shady resigns} 1-0

[Event "ICS rated bullet match"]
[Site "204.178.125.65"]
[Date "2001.07.15"]
[Round "?"]
[White "Master-Shady"]
[Black "Hossa"]
[Result "0-1"]
[WhiteElo "1677"]
[BlackElo "2572"]
[PlyCount "44"]
[EventDate "2001.??.??"]

1. d4 d5 2. Nf3 Nc6 3. Bf4 Nf6 4. e3 Nh5 5. Bg3 Nxg3 6. hxg3 Bg4 7. c4 e5 8.
Be2 exd4 9. Nxd4 Bxe2 10. Qxe2 Nxd4 11. exd4+ Qe7 12. Qxe7+ Bxe7 13. cxd5 Bf6
14. O-O Bxd4 15. Re1+ Kd7 16. Nc3 Rhe8 17. Kf1 a6 18. Rxe8 Rxe8 19. Re1 Rxe1+
20. Kxe1 Bxc3+ 21. bxc3 Kd6 22. c4 Kc5 {Master-Shady resigns} 0-1

[Event "ICS rated bullet match"]
[Site "204.178.125.65"]
[Date "2001.07.15"]
[Round "?"]
[White "Master-Shady"]
[Black "Hossa"]
[Result "0-1"]
[WhiteElo "1677"]
[BlackElo "2572"]
[PlyCount "30"]
[EventDate "2001.??.??"]

1. d4 Nf6 2. c4 e6 3. Nc3 Bb4 4. Qb3 Na6 5. Bg5 h6 6. Bh4 O-O 7. h3 c5 8. e3 g5
9. Bg3 Ne4 10. Nge2 Nxg3 11. Nxg3 cxd4 12. exd4 d6 13. Bd3 e5 14. d5 Nc5 15.
Be4 Nxb3 {Master-Shady resigns} 0-1

[Event "ICS rated bullet match"]
[Site "204.178.125.65"]
[Date "2001.07.15"]
[Round "?"]
[White "Hossa"]
[Black "Master-Shady"]
[Result "1-0"]
[WhiteElo "2572"]
[BlackElo "1677"]
[PlyCount "55"]
[EventDate "2001.??.??"]

1. d4 d5 2. c4 Nf6 3. cxd5 Nxd5 4. e4 Nb4 5. Qa4+ N8c6 6. d5 b5 7. Bxb5 Bd7 8.
dxc6 Nxc6 9. Bxc6 Bxc6 10. Qxc6+ Qd7 11. Qxa8+ Qd8 12. Qxd8+ Kxd8 13. Be3 c6
14. Bxa7 g6 15. Nc3 c5 16. Bxc5 e6 17. Bxf8 Rxf8 18. Nf3 Kc8 19. Ke2 Kb8 20. a4
Ka7 21. Nb5+ Ka8 22. b4 Re8 23. Nc7+ Kb7 24. Nxe8 f6 25. Rac1 e5 26. Rc7+ Kb6
27. Rhc1 h6 28. R1c6# {Master-Shady checkmated} 1-0

[Event "ICS rated bullet match"]
[Site "204.178.125.65"]
[Date "2001.07.15"]
[Round "?"]
[White "Master-Shady"]
[Black "Hossa"]
[Result "0-1"]
[WhiteElo "1677"]
[BlackElo "2572"]
[PlyCount "60"]
[EventDate "2001.??.??"]

1. d4 Nf6 2. c4 e6 3. Bg5 Bb4+ 4. Nc3 h6 5. Bxf6 Qxf6 6. Nf3 c5 7. e3 cxd4 8.
exd4 O-O 9. Be2 d6 10. O-O b6 11. Qb3 Nc6 12. Rad1 Ba6 13. Rfe1 Rac8 14. d5
Bxc3 15. Qxc3 Qxc3 16. bxc3 Nd8 17. dxe6 Nxe6 18. Rxd6 Bxc4 19. Bxc4 Rxc4 20.
Rd7 Rxc3 21. Rxa7 Rc2 22. a4 Nc5 23. a5 bxa5 24. Rxa5 Nd3 25. Rf1 Rb8 26. Nd4
Rc4 27. Rd5 Nf4 28. Rd6 Rxd4 29. Rxd4 Ne2+ 30. Kh1 Nxd4 {Master-Shady resigns}
0-1

[Event "ICS rated bullet match"]
[Site "204.178.125.65"]
[Date "2001.07.15"]
[Round "?"]
[White "Hossa"]
[Black "Master-Shady"]
[Result "1-0"]
[WhiteElo "2572"]
[BlackElo "1677"]
[PlyCount "25"]
[EventDate "2001.??.??"]

1. e4 c5 2. Nf3 Nc6 3. Bc4 d6 4. O-O Bd7 5. Nc3 e6 6. d4 a6 7. d5 exd5 8. Bg5
Be7 9. Bxe7 Qxe7 10. Nxd5 Qd8 11. Ng5 Nf6 12. Nxf6+ Qxf6 13. Nxf7 {
Master-Shady resigns} 1-0

[Event "ICS rated bullet match"]
[Site "204.178.125.65"]
[Date "2001.07.15"]
[Round "?"]
[White "Hossa"]
[Black "Master-Shady"]
[Result "1-0"]
[WhiteElo "2572"]
[BlackElo "1677"]
[PlyCount "21"]
[EventDate "2001.??.??"]

1. e4 e6 2. d4 d5 3. Nd2 dxe4 4. Nxe4 Nf6 5. Nxf6+ Qxf6 6. Nf3 Qe7 7. Bd3 Qd7
8. Ne5 Qd8 9. O-O Bd6 10. Qg4 O-O 11. Bh6 {Master-Shady resigns} 1-0

[Event "ICS rated bullet match"]
[Site "204.178.125.65"]
[Date "2001.07.15"]
[Round "?"]
[White "Master-Shady"]
[Black "Hossa"]
[Result "0-1"]
[WhiteElo "1677"]
[BlackElo "2572"]
[PlyCount "38"]
[EventDate "2001.??.??"]

1. e4 e5 2. Nf3 Nf6 3. Nc3 Nc6 4. d4 exd4 5. Nxd4 Bb4 6. Nxc6 dxc6 7. Qxd8+
Kxd8 8. Bg5 Bxc3+ 9. bxc3 h6 10. Bxf6+ gxf6 11. f3 f5 12. Bd3 fxe4 13. Bxe4 Ke7
14. O-O Kf6 15. Rfd1 Be6 16. a3 Rhe8 17. Rd3 Rg8 18. Rad1 Kg7 19. Kf2 f5 {
Master-Shady resigns} 0-1

[Event "ICS rated bullet match"]
[Site "204.178.125.65"]
[Date "2001.07.15"]
[Round "?"]
[White "Hossa"]
[Black "Master-Shady"]
[Result "1-0"]
[WhiteElo "2572"]
[BlackElo "1677"]
[PlyCount "35"]
[EventDate "2001.??.??"]

1. e4 c6 2. d4 d5 3. Nd2 dxe4 4. Nxe4 Nf6 5. Nxf6+ exf6 6. Nf3 Bd6 7. Be2 Bg4
8. O-O O-O 9. Re1 Na6 10. Bxa6 bxa6 11. h3 Bh5 12. c3 Re8 13. Be3 Qd7 14. b3
Qf5 15. g4 Bxg4 16. Nh4 Bxd1 17. Nxf5 Bh2+ 18. Kxh2 {Master-Shady resigns} 1-0

[Event "ICS rated bullet match"]
[Site "204.178.125.65"]
[Date "2001.07.15"]
[Round "?"]
[White "Master-Shady"]
[Black "Hossa"]
[Result "0-1"]
[WhiteElo "1677"]
[BlackElo "2572"]
[PlyCount "64"]
[EventDate "2001.??.??"]

1. e4 e5 2. Nf3 Nc6 3. d4 exd4 4. Bb5 Nf6 5. Bxc6 dxc6 6. Bg5 Bg4 7. Qxd4 Qxd4
8. Nxd4 O-O-O 9. Bxf6 gxf6 10. Nf3 Bxf3 11. gxf3 Bh6 12. Nc3 Bd2+ 13. Ke2 f5
14. Rad1 Bxc3 15. bxc3 fxe4 16. fxe4 Rd6 17. Rxd6 cxd6 18. Rg1 Kd7 19. Rg7 Ke6
20. Ke3 Kf6 21. Rg4 h5 22. Rg3 Rh6 23. h3 Rg6 24. Rxg6+ fxg6 25. Kf4 g5+ 26.
Kf3 Ke5 27. Ke3 b5 28. a3 a5 29. Kf3 d5 30. exd5 Kxd5 31. Ke3 Kc4 32. Kd2 a4 {
Master-Shady resigns} 0-1